[Event "SVK Extraliga 2019-20"]
[Site "Slovakia"]
[Date "2020.03.01"]
[Round "8.6"]
[White "Tropp, Lukas"]
[Black "Mydlarik, Martin"]
[Result "1/2-1/2"]
[WhiteElo "2121"]
[BlackElo "2089"]
[Annotator "ChessBase"]
[PlyCount "135"]
[EventDate "2019.10.19"]
[EventType "team-tourn"]
[EventCountry "SVK"]
[SourceTitle "playchess.com"]
[Source "ChessBase"]
[SourceQuality "1"]
[WhiteTeam "Kosice"]
[BlackTeam "Modra"]
[TimeControl "40/5400+30:1800+30"]

1. e4 {[%emt 0:00:00]} d5 {[%emt 0:00:03]} 2. exd5 {[%emt 0:00:08]} Qxd5 {[%emt 0:00:02]} 3. Nc3 {[%emt 0:00:08]} Qa5 {[%emt 0:00:08]} 4. d4 {[%emt 0:02:40]} Nf6 {[%emt 0:00:09]} 5. Nf3 {[%emt 0:00:26]} Bf5 {[%emt 0:01:34]} 6. Ne5 {[%emt 0:11:51]} c6 {[%emt 0:00:00]} 7. g4 {[%emt 0:18:04]} Be4 {[%emt 0:04:16]} 8. f3 {[%emt 0:00:57]} Bd5 {[%emt 0:00:02]} 9. Bd2 {[%emt 0:13:32]} Qb6 {[%emt 0:02:46]} 10. Nxd5 {[%emt 0:04:20]} cxd5 {[%emt 0:00:38]} 11. c3 {[%emt 0:01:41]} e6 {[%emt 0:04:08]} 12. Qb3 {[%emt 0:06:18]} Qxb3 {[%emt 0:00:49]} 13. axb3 {[%emt 0:00:07]} Bd6 {[%emt 0:00:24]} 14. h3 {[%emt 0:03:35]} Nfd7 {[%emt 0:04:01]} 15. f4 {[%emt 0:01:46]} O-O {[%emt 0:06:42]} 16. Bg2 {[%emt 0:02:16]} Bxe5 {[%emt 0:15:26]} 17. fxe5 {[%emt 0:03:29]} Nc6 {[%emt 0:00:52]} 18. b4 {[%emt 0:04:57]} b5 {[%emt 0:07:25]} 19. Ke2 {[%emt 0:04:08]} a5 {[%emt 0:07:44]} 20. bxa5 {[%emt 0:02:36]} Nxa5 {[%emt 0:01:29]} 21. Rhb1 {[%emt 0:00:18]} Nb3 {[%emt 0:01:01]} 22. Ra3 {[%emt 0:00:17]} Nxd2 {[%emt 0:03:02]} 23. Kxd2 {[%emt 0:00:04]} Nb6 {[%emt 0:00:14]} 24. Kd3 {[%emt 0:07:46]} Nc4 {[%emt 0:05:12]} 25. Rb3 {[%emt 0:00:07]} Ra5 {[%emt 0:00:49]} 26. Rb4 {[%emt 0:01:13]} f6 {[%emt 0:01:00]} 27. b3 {[%emt 0:00:57]} Ra2 {[%emt 0:01:07]} 28. Bxd5 {[%emt 0:03:23]} exd5 {[%emt 0:02:08]} 29. bxc4 {[%emt 0:00:11]} bxc4+ {[%emt 0:03:00]} 30. Ke3 {[%emt 0:00:05]} Rc2 {[%emt 0:14:00]} 31. Rb5 {[%emt 0:02:59]} Rxc3+ {[%emt 0:00:15]} 32. Kf4 {[%emt 0:00:46]} Rd3 {[%emt 0:05:23]} 33. Rxd5 {[%emt 0:01:14]} fxe5+ {[%emt 0:00:12]} 34. Kxe5 {[%emt 0:00:08]} Re3+ {[%emt 0:01:45]} 35. Kd6 {[%emt 0:00:07]} c3 {[%emt 0:00:35]} 36. h4 {[%emt 0:03:13]} Rd8+ {[%emt 0:02:27]} 37. Kc5 {[%emt 0:01:07]} Rc8+ {[%emt 0:00:16]} 38. Kd6 {[%emt 0:00:14]} c2 {[%emt 0:01:19]} 39. Rc1 {[%emt 0:00:01]} Rd3 {[%emt 0:00:20]} 40. Kd7 {[%emt 0:01:58]} Rcc3 {[%emt 0:03:19]} 41. Ke6 {[%emt 0:03:27]} h6 {[%emt 0:00:08]} 42. Rc5 {[%emt 0:02:52]} Rd1 {[%emt 0:13:01]} 43. Rxc3 {[%emt 0:10:14]} Rxc1 {[%emt 0:00:07]} 44. Rc8+ {[%emt 0:00:08]} Kh7 {[%emt 0:00:04]} 45. Kd5 {[%emt 0:00:05]} Kg6 {[%emt 0:00:17]} 46. Rc7 {[%emt 0:01:58]} h5 {[%emt 0:01:27]} 47. Rc6+ {[%emt 0:00:54]} Kf7 {[%emt 0:00:45]} 48. gxh5 {[%emt 0:01:59]} Ke7 {[%emt 0:00:59]} 49. Rc7+ {[%emt 0:08:29]} Kf6 {[%emt 0:01:23]} 50. Rc3 {[%emt 0:01:03]} Kf5 {[%emt 0:03:33]} 51. Rc7 {[%emt 0:02:08]} Kf6 {[%emt 0:00:24]} 52. Rc5 {[%emt 0:00:24]} Ke7 {[%emt 0:00:25]} 53. Rc3 {[%emt 0:00:29]} Kd7 {[%emt 0:00:47]} 54. Kc5 {[%emt 0:00:42]} Ra1 {[%emt 0:02:13]} 55. Rxc2 {[%emt 0:00:12]} Ra5+ {[%emt 0:00:05]} 56. Kc4 {[%emt 0:00:09]} Rxh5 {[%emt 0:00:04]} 57. Rg2 {[%emt 0:00:21]} Rxh4 {[%emt 0:00:21]} 58. Rxg7+ {[%emt 0:00:07]} Kd6 {[%emt 0:00:10]} 59. Rg6+ {[%emt 0:00:02]} Kd7 {[%emt 0:00:09]} 60. Kc5 {[%emt 0:00:08]} Rh1 {[%emt 0:00:12]} 61. Rg7+ {[%emt 0:00:26]} Kd8 {[%emt 0:02:38]} 62. d5 {[%emt 0:03:15]} Rh6 {[%emt 0:01:30]} 63. Rb7 {[%emt 0:00:05]} Kc8 {[%emt 0:01:46]} 64. Ra7 {[%emt 0:00:14]} Kd8 {[%emt 0:00:43]} 65. Rg7 {[%emt 0:00:17]} Kc8 {[%emt 0:00:24]} 66. d6 {[%emt 0:01:36]} Rh1 {[%emt 0:00:10]} 67. d7+ {[%emt 0:01:02]} Kd8 {[%emt 0:00:08]} 68. Kd4 1/2-1/2

[Event "SVK Extraliga 2019-20"]
[Site "Slovakia"]
[Date "2020.03.01"]
[Round "8.7"]
[White "Briestensky, Rastislav"]
[Black "Druska, Juraj"]
[Result "0-1"]
[WhiteElo "2333"]
[BlackElo "2505"]
[Annotator "TA"]
[PlyCount "62"]
[EventDate "2019.10.19"]
[EventType "team-tourn"]
[EventCountry "SVK"]
[SourceTitle "playchess.com"]
[Source "ChessBase"]
[SourceQuality "1"]
[WhiteTeam "Slovan"]
[BlackTeam "Zilina"]

{[%evp 9,62,3,2,4,4,5,7,0,0,-1,8,-28,-14,-52,-47,-49,-34,-39,-25,-73,-39,-81,-2,-25,6,-35,-33,-55,-53,-107,-67,-237,-228,-273,-275,-260,-281,-312,-311,-301,-253,-296,-206,-253,-199,-183,-177,-433,-427,-2354,-2272,-4132,-2871,-5389,-5381]} 1. e4 c5 2. Nf3 e6 3. c4 Nc6 4. Nc3 Nd4 5. g3 Ne7 6. Bg2 {B40: Sicilian: 2...e6, Unusual lines.} Nec6 7. O-O Be7 8. d3 {The position is equal.} O-O 9. Nxd4 cxd4 10. Ne2 Rb8 11. f4 b5 12. Kh1 a5 13. b3 {[#]} d6 $146 ({Predecessor:} 13... Ba6 14. g4 a4 15. Ng3 Qa5 16. Bd2 Bb4 17. Bxb4 Qxb4 18. g5 bxc4 19. bxc4 Qa3 {0-1 (30) Korstin,M (2222)-Sipila,V (2423) Viljandi 2013}) 14. g4 Bd7 15. Rf3 d5 ({Better is} 15... e5 $17 {White should prevent ...bxc4.} 16. h3 Bh4) 16. exd5 exd5 17. cxb5 Rxb5 18. h3 Re8 $36 {[%mdl 2048] Black has good play.} 19. Qg1 (19. f5 $15) 19... Bb4 20. Rf2 $2 {[#] This move loses the game for White.} ({White should play} 20. Nxd4 $15 Nxd4 21. Qxd4) 20... Bxg4 $1 $19 {[%mdl 512]} 21. Bf1 (21. hxg4 Qh4+) 21... Qh4 22. Bb2 Bxe2 ({Inferior is} 22... Bxh3 23. Rh2 $14) 23. Rxe2 Rxe2 24. Bxe2 Qxh3+ 25. Qh2 Qxh2+ 26. Kxh2 Bc3 27. Rc1 Nb4 ({Don't play} 27... Bxb2 28. Rxc6 g6 29. f5 $17) 28. Bxc3 $2 (28. a4 Rb8 29. Ba3) 28... Nxa2 {[%mdl 64] [#] Double Attack, Discovered Attack. Black is clearly winning.} ({Weaker is} 28... dxc3 29. Rxc3 Rb8 30. a3 $15) 29. Bd2 (29. Ra1 $142 Nxc3 30. Bg4) 29... Nxc1 30. Bxc1 Rxb3 31. Bf3 Rc3 {Accuracy: White = 38%, Black = 70%.} 0-1

[Event "SVK Extraliga 2019-20"]
[Site "Slovakia"]
[Date "2020.03.01"]
[Round "8.7"]
[White "Rachela, Milan"]
[Black "Haring, Viktor"]
[Result "1/2-1/2"]
[WhiteElo "2329"]
[BlackElo "2272"]
[Annotator "TA"]
[PlyCount "86"]
[EventDate "2019.10.19"]
[EventType "team-tourn"]
[EventCountry "SVK"]
[SourceTitle "playchess.com"]
[Source "ChessBase"]
[SourceQuality "1"]
[WhiteTeam "Streda"]
[BlackTeam "Liptovska"]

{[%evp 14,86,11,0,0,0,7,8,0,0,9,0,8,8,17,9,8,12,24,25,27,-77,-78,-66,-59,-109,-83,-98,-82,-45,-91,-38,-35,-102,-145,-134,-141,-143,-87,-112,-4,-55,-51,-43,0,0,0,0,17,-54,-39,-358,-358,-432,-242,-213,-209,-767,33,33,33,0,0,0,0,0,0,0,0,0,0,0,0,0,0]} 1. Nf3 d5 2. g3 c6 3. Bg2 Bg4 4. c4 Bxf3 5. Bxf3 e6 6. O-O Nf6 7. cxd5 cxd5 8. d3 Nc6 {A11: English Opening: 1...c6.} 9. Bg2 Bc5 10. Nc3 O-O 11. Bd2 a6 12. a3 Ba7 13. Rc1 Qe7 {[#]} 14. Na4 $146 ({Predecessor:} 14. b4 Rfc8 15. Qb3 Nd7 16. e3 Nce5 17. Ne2 b5 18. h3 Nb6 19. f4 Ned7 20. Kh2 {1-0 (36) Mchedlishvili,M (2635)-Steingrimsson,H (2551) Plovdiv 2008}) 14... Rfc8 15. b4 b5 16. Nc5 a5 17. Rb1 (17. e3 $11) 17... Bxc5 $17 18. bxc5 Qxc5 19. e4 Qxa3 20. Bg5 {next Bxf6 is good for White.} dxe4 21. Bxf6 gxf6 22. Qg4+ Kf8 {And now ...Rab8 would win.} 23. Qh4 (23. Qxe4 $15 Rab8 24. d4) 23... Ke7 24. Rxb5 Rab8 $1 {[%cal Rb8b5]} 25. Rxb8 Rxb8 (25... Nxb8 $142 26. Qxe4 Rc1) 26. Qxe4 Rb6 (26... Ne5 $17 27. Qxh7 Rb4) 27. d4 ({White should try} 27. Qe3 $11 Ra6 28. Rc1) 27... Qd6 $15 28. Rd1 e5 {[%cal Rc6d4]} 29. d5 Rb4 $36 {[%mdl 2048] Black is more active.} 30. Qxh7 Nd4 {[#]} 31. Qh8 (31. f4 $1 $11 {[%mdl 512]}) 31... Rb8 32. Qg7 $2 {[%mdl 8192]} ({White should play} 32. Qh7 $15) 32... a4 $19 33. f4 Nf5 (33... a3 $142 34. Qh7 a2) 34. Qh7 Ne3 $1 {[%cal Re3d1]} 35. fxe5 $2 {[#]} (35. Rc1 a3 36. fxe5 Qxe5 37. d6+ Qxd6 38. Re1) 35... Qxe5 $2 ({Better is} 35... Qc5 $1 $19 36. exf6+ {[#]} Kd6 $1 {[%mdl 512]}) 36. d6+ $14 Ke6 37. Bh3+ f5 {The position is equal.} 38. Re1 {Black must now prevent Qh4.} Re8 ({Reject} 38... Rh8 $6 39. Bxf5+ Kxd6 40. Qxf7 $16) 39. d7 {[%mdl 64] Decoy} Kxd7 {aiming for ...Qc5.} 40. Qxf7+ Re7 41. Qf8 Qc5 {( -> ...Ng4+)} (41... Qd4 $5 42. Kh1 $8 Qc5 $11) 42. Kh1 Qd5+ 43. Kg1 Qc5 {Accuracy: White = 57%, Black = 72%.} (43... Qd4 $5 44. Kh1 $8 Qd5+ 45. Kg1 Qc5 $11) 1/2-1/2

[Event "SVK Extraliga 2019-20"]
[Site "Slovakia"]
[Date "2020.03.01"]
[Round "8.7"]
[White "Cibickova, Zuzana"]
[Black "Zambor, Norbert"]
[Result "1/2-1/2"]
[WhiteElo "2253"]
[BlackElo "2252"]
[Annotator "ChessBase"]
[PlyCount "110"]
[EventDate "2019.10.19"]
[EventType "team-tourn"]
[EventCountry "SVK"]
[SourceTitle "playchess.com"]
[Source "ChessBase"]
[SourceQuality "1"]
[WhiteTeam "Podhajska"]
[BlackTeam "Prakovce"]
[TimeControl "40/5400+30:1800+30"]

1. e4 {[%emt 0:00:00]} e6 {[%emt 0:07:10]} 2. d4 {[%emt 0:02:23]} d5 {[%emt 0:00:15]} 3. Nc3 {[%emt 0:00:29]} Nf6 {[%emt 0:00:09]} 4. e5 {[%emt 0:00:22]} Nfd7 {[%emt 0:00:07]} 5. f4 {[%emt 0:00:10]} c5 {[%emt 0:00:07]} 6. Nf3 {[%emt 0:00:04]} Nc6 {[%emt 0:00:08]} 7. Be3 {[%emt 0:00:11]} a6 {[%emt 0:03:06]} 8. Qd2 {[%emt 0:00:20]} b5 {[%emt 0:11:48]} 9. dxc5 {[%emt 0:00:16]} Nxc5 {[%emt 0:02:03]} 10. Qf2 {[%emt 0:23:03]} b4 {[%emt 0:05:00]} 11. Bxc5 {[%emt 0:03:12]} bxc3 {[%emt 0:00:24]} 12. b3 {[%emt 0:01:07]} Be7 {[%emt 0:04:20]} 13. Bd3 {[%emt 0:07:46]} Rb8 {[%emt 0:04:17]} 14. Bxe7 {[%emt 0:07:29]} Qxe7 {[%emt 0:00:38]} 15. O-O {[%emt 0:00:14]} g6 {[%emt 0:12:39]} 16. Kh1 {[%emt 0:02:04]} Nb4 {[%emt 0:03:21]} 17. Qd4 {[%emt 0:03:05]} Bd7 {[%emt 0:10:21]} 18. Qxc3 {[%emt 0:05:25]} O-O {[%emt 0:00:32]} 19. Qd2 {[%emt 0:07:51]} Rfc8 {[%emt 0:01:20]} 20. Rfc1 {[%emt 0:05:45]} a5 {[%emt 0:06:29]} 21. c3 {[%emt 0:09:29]} Nxd3 {[%emt 0:04:25]} 22. Qxd3 {[%emt 0:00:04]} Bb5 {[%emt 0:06:26]} 23. Qe3 {[%emt 0:03:13]} Rc5 {[%emt 0:04:18]} 24. a4 {[%emt 0:05:19]} Ba6 {[%emt 0:01:36]} 25. Nd4 {[%emt 0:00:08]} Rbc8 {[%emt 0:01:07]} 26. Ra2 {[%emt 0:00:53]} Qh4 {[%emt 0:04:10]} 27. Rac2 {[%emt 0:01:36]} h6 {[%emt 0:00:41]} 28. h3 {[%emt 0:01:33]} g5 {[%emt 0:02:03]} 29. fxg5 {[%emt 0:06:06]} Qxg5 {[%emt 0:00:23]} 30. Re1 {[%emt 0:00:34]} Qg6 {[%emt 0:01:40]} 31. Rd1 {[%emt 0:02:20]} Qg5 {[%emt 0:00:18]} 32. Qe1 {[%emt 0:00:47]} Qg6 {[%emt 0:00:34]} 33. Qd2 {[%emt 0:02:03]} Qg5 {[%emt 0:00:16]} 34. Qe1 {[%emt 0:00:46]} Qg6 {[%emt 0:00:04]} 35. Rdc1 {[%emt 0:00:40]} Bd3 {[%emt 0:00:33]} 36. Rf2 {[%emt 0:00:13]} Qg3 {[%emt 0:02:07]} 37. Nf3 {[%emt 0:00:54]} Be4 {[%emt 0:00:35]} 38. Qe3 {[%emt 0:00:31]} Rxc3 {[%emt 0:01:01]} 39. Rxc3 {[%emt 0:00:06]} Rxc3 {[%emt 0:00:07]} 40. Qxc3 {[%emt 0:00:13]} Qxf2 {[%emt 0:00:04]} 41. Qc8+ {[%emt 0:16:22]} Kg7 {[%emt 0:08:57]} 42. Qd8 {[%emt 0:00:31]} Bxf3 {[%emt 0:05:20]} 43. Qf6+ {[%emt 0:00:24]} Kg8 {[%emt 0:00:07]} 44. gxf3 {[%emt 0:00:45]} Qf1+ {[%emt 0:10:12]} 45. Kh2 {[%emt 0:00:01]} Qf2+ {[%emt 0:01:24]} 46. Kh1 {[%emt 0:00:02]} Qg3 {[%emt 0:05:19]} 47. h4 {[%emt 0:01:37]} h5 {[%emt 0:01:10]} 48. Qd8+ {[%emt 0:01:41]} Kg7 {[%emt 0:00:21]} 49. Qf6+ {[%emt 0:00:28]} Kg8 {[%emt 0:00:16]} 50. Qd8+ {[%emt 0:00:09]} Kh7 {[%emt 0:01:35]} 51. Qf6 {[%emt 0:00:25]} Qg6 {[%emt 0:01:27]} 52. Qf4 {[%emt 0:00:29]} Kg7 {[%emt 0:00:30]} 53. Kh2 {[%emt 0:04:31]} Qc2+ {[%emt 0:00:56]} 54. Kg3 {[%emt 0:03:02]} Qxb3 {[%emt 0:01:22]} 55. Qg5+ {[%emt 0:00:09]} Kf8 {[%emt 0:00:05]} 1/2-1/2

[Event "SVK Extraliga 2019-20"]
[Site "Slovakia"]
[Date "2020.03.01"]
[Round "8.7"]
[White "Bombek, Peter"]
[Black "Sepesi, Samuel"]
[Result "1/2-1/2"]
[WhiteElo "2161"]
[BlackElo "2161"]
[Annotator "ChessBase"]
[PlyCount "67"]
[EventDate "2019.10.19"]
[EventType "team-tourn"]
[EventCountry "SVK"]
[SourceTitle "playchess.com"]
[Source "ChessBase"]
[SourceQuality "1"]
[WhiteTeam "Dubnica"]
[BlackTeam "Snina"]
[TimeControl "40/5400+30:1800+30"]

1. d4 {[%emt 0:00:00]} Nf6 {[%emt 0:00:00]} 2. Bg5 {[%emt 0:00:02]} d5 {[%emt 0:03:17]} 3. Nd2 {[%emt 0:00:21]} Nbd7 {[%emt 0:00:13]} 4. Ngf3 {[%emt 0:00:33]} g6 {[%emt 0:00:27]} 5. e3 {[%emt 0:00:23]} Bg7 {[%emt 0:00:09]} 6. c4 {[%emt 0:00:45]} c6 {[%emt 0:02:07]} 7. Bd3 {[%emt 0:01:18]} O-O {[%emt 0:01:41]} 8. O-O {[%emt 0:00:58]} Re8 {[%emt 0:11:42]} 9. Rc1 {[%emt 0:03:27]} Qb6 {[%emt 0:18:47]} 10. Qc2 {[%emt 0:04:01]} e5 {[%emt 0:04:07]} 11. Nxe5 {[%emt 0:11:16]} Nxe5 {[%emt 0:00:44]} 12. dxe5 {[%emt 0:00:08]} Rxe5 {[%emt 0:02:37]} 13. Nf3 {[%emt 0:02:39]} Re8 {[%emt 0:03:48]} 14. Bxf6 {[%emt 0:16:24]} Bxf6 {[%emt 0:00:33]} 15. cxd5 {[%emt 0:01:48]} cxd5 {[%emt 0:00:20]} 16. b3 {[%emt 0:02:16]} Bg4 {[%emt 0:27:20]} 17. Qc7 {[%emt 0:10:07]} Rec8 {[%emt 0:07:21]} 18. Qxb6 {[%emt 0:06:53]} axb6 {[%emt 0:00:02]} 19. Rxc8+ {[%emt 0:02:02]} Rxc8 {[%emt 0:00:02]} 20. h3 {[%emt 0:02:30]} Bxf3 {[%emt 0:06:36]} 21. gxf3 {[%emt 0:00:21]} d4 {[%emt 0:05:41]} 22. Rd1 {[%emt 0:07:06]} Rd8 {[%emt 0:02:39]} 23. Kf1 {[%emt 0:02:30]} dxe3 {[%emt 0:00:10]} 24. fxe3 {[%emt 0:00:10]} b5 {[%emt 0:00:19]} 25. Ke2 {[%emt 0:01:08]} b4 {[%emt 0:00:54]} 26. Be4 {[%emt 0:03:37]} Rxd1 {[%emt 0:00:32]} 27. Kxd1 {[%emt 0:00:01]} b6 {[%emt 0:00:13]} 28. Kc2 {[%emt 0:00:30]} Be7 {[%emt 0:00:16]} 29. Kd3 {[%emt 0:00:10]} Bc5 {[%emt 0:00:07]} 30. Bd5 {[%emt 0:00:38]} Kf8 {[%emt 0:00:58]} 31. e4 {[%emt 0:04:12]} f6 {[%emt 0:00:59]} 32. f4 {[%emt 0:01:27]} Ke7 {[%emt 0:00:36]} 33. Ke2 {[%emt 0:05:49]} g5 {[%emt 0:00:40]} 34. fxg5 {[%emt 0:03:13]} 1/2-1/2

[Event "SVK Extraliga 2019-20"]
[Site "Slovakia"]
[Date "2020.03.01"]
[Round "8.7"]
[White "Sobek, Michal"]
[Black "Varga, Lukas"]
[Result "1-0"]
[WhiteElo "2036"]
[BlackElo "1926"]
[Annotator "ChessBase"]
[PlyCount "31"]
[EventDate "2019.10.19"]
[EventType "team-tourn"]
[EventCountry "SVK"]
[SourceTitle "playchess.com"]
[Source "ChessBase"]
[SourceQuality "1"]
[WhiteTeam "Modra"]
[BlackTeam "Kosice"]
[TimeControl "40/5400+30:1800+30"]

1. e4 {[%emt 0:00:00]} c5 {[%emt 0:07:08]} 2. Nf3 {[%emt 0:00:00]} d6 {[%emt 0:00:22]} 3. Bb5+ {[%emt 0:00:00]} Bd7 {[%emt 0:00:07]} 4. Bxd7+ {[%emt 0:00:00]} Qxd7 {[%emt 0:00:04]} 5. O-O {[%emt 0:00:06]} Nc6 {[%emt 0:00:16]} 6. c3 {[%emt 0:00:14]} Nf6 {[%emt 0:05:36]} 7. Re1 {[%emt 0:00:06]} g5 {[%emt 0:00:18]} 8. e5 {[%emt 0:02:44]} Nd5 {[%emt 0:06:20]} 9. e6 {[%emt 0:01:26]} fxe6 {[%emt 0:01:12]} 10. Nxg5 {[%emt 0:00:51]} Nf4 {[%emt 0:00:32]} 11. d4 {[%emt 0:01:09]} h6 {[%emt 0:00:49]} 12. Ne4 {[%emt 0:02:00]} Ng6 {[%emt 0:01:36]} 13. d5 {[%emt 0:01:55]} Nd8 {[%emt 0:04:53]} 14. Qh5 {[%emt 0:00:57]} Rg8 {[%emt 0:00:33]} 15. f4 {[%emt 0:00:15]} Nf7 {[%emt 0:03:31]} 16. f5 {[%emt 0:00:50]} 1-0

[Event "SVK Extraliga 2019-20"]
[Site "Slovakia"]
[Date "2020.03.01"]
[Round "8.7"]
[White "Varga, Lukas"]
[Black "Sobek, Michal"]
[Result "*"]
[WhiteElo "1926"]
[BlackElo "2036"]
[Annotator "ChessBase"]
[PlyCount "22"]
[EventDate "2019.10.19"]
[EventType "team-tourn"]
[EventCountry "SVK"]
[SourceTitle "playchess.com"]
[Source "ChessBase"]
[SourceQuality "1"]
[WhiteTeam "Kosice"]
[BlackTeam "Modra"]
[TimeControl "40/5400+30:1800+30"]

1. e4 {[%emt 0:00:00]} c5 {[%emt 0:07:08]} 2. Nf3 {[%emt 0:00:00]} d6 {[%emt 0:00:22]} 3. Bb5+ {[%emt 0:00:00]} Bd7 {[%emt 0:00:07]} 4. Bxd7+ {[%emt 0:00:00]} Qxd7 {[%emt 0:00:04]} 5. O-O {[%emt 0:00:06]} Nc6 {[%emt 0:00:16]} 6. c3 {[%emt 0:00:14]} Nf6 {[%emt 0:05:36]} 7. Re1 {[%emt 0:00:06]} g5 {[%emt 0:00:18]} 8. e5 {[%emt 0:02:44]} Nd5 {[%emt 0:06:20]} 9. e6 {[%emt 0:01:26]} fxe6 {[%emt 0:01:12]} 10. Nxg5 {[%emt 0:00:51]} Nf4 {[%emt 0:00:32]} 11. d4 {[%emt 0:01:09]} h6 {[%emt 0:00:49]} *

[Event "SVK Extraliga 2019-20"]
[Site "Slovakia"]
[Date "2020.03.01"]
[Round "8.7"]
[White "Bochnickova, Simona"]
[Black "Kantorik, Marian"]
[Result "0-1"]
[WhiteElo "1655"]
[BlackElo "2221"]
[Annotator "ChessBase"]
[PlyCount "54"]
[EventDate "2019.10.19"]
[EventType "team-tourn"]
[EventCountry "SVK"]
[SourceTitle "playchess.com"]
[Source "ChessBase"]
[SourceQuality "1"]
[WhiteTeam "Bratislava"]
[BlackTeam "Dunajov"]
[TimeControl "40/5400+30:1800+30"]

1. e4 {[%emt 0:00:00]} Nf6 {[%emt 0:00:00]} 2. e5 {[%emt 0:00:00]} Nd5 {[%emt 0:00:00]} 3. d4 {[%emt 0:00:00]} d6 {[%emt 0:00:00]} 4. c4 {[%emt 0:00:00]} Nb6 {[%emt 0:00:00]} 5. exd6 {[%emt 0:00:03]} cxd6 {[%emt 0:00:00]} 6. Nc3 {[%emt 0:00:33]} g6 {[%emt 0:00:00]} 7. Be3 {[%emt 0:01:49]} Bg7 {[%emt 0:00:09]} 8. Rc1 {[%emt 0:00:08]} O-O {[%emt 0:00:09]} 9. b3 {[%emt 0:00:42]} f5 {[%emt 0:05:56]} 10. d5 {[%emt 0:13:35]} N8d7 {[%emt 0:08:11]} 11. Nf3 {[%emt 0:01:41]} Nf6 {[%emt 0:00:23]} 12. Bd3 {[%emt 0:09:03]} h6 {[%emt 0:04:46]} 13. Nh4 {[%emt 0:08:09]} Kh7 {[%emt 0:01:49]} 14. O-O {[%emt 0:03:28]} e5 {[%emt 0:11:04]} 15. dxe6 {[%emt 0:02:58]} Bxe6 {[%emt 0:00:07]} 16. Nf3 {[%emt 0:03:36]} Nbd7 {[%emt 0:05:04]} 17. Bb1 {[%emt 0:02:21]} Ne5 {[%emt 0:02:41]} 18. Nd4 {[%emt 0:01:10]} Bf7 {[%emt 0:01:55]} 19. Ndb5 {[%emt 0:01:53]} d5 {[%emt 0:20:36]} 20. cxd5 {[%emt 0:14:16]} a6 {[%emt 0:01:08]} 21. Na3 {[%emt 0:04:16]} Nxd5 {[%emt 0:02:07]} 22. Nxd5 {[%emt 0:00:22]} Bxd5 {[%emt 0:00:22]} 23. f4 {[%emt 0:01:03]} Ng4 {[%emt 0:01:07]} 24. Bc5 {[%emt 0:00:20]} Qh4 {[%emt 0:00:38]} 25. h3 {[%emt 0:09:59]} Qg3 {[%emt 0:00:42]} 26. Rf2 {[%emt 0:00:18]} Qh2+ {[%emt 0:15:51]} 27. Kf1 {[%emt 0:00:02]} Rfe8 {[%emt 0:00:13]} 0-1

[Event "SVK Extraliga 2019-20"]
[Site "Slovakia"]
[Date "2020.03.01"]
[Round "8.8"]
[White "Jurcik, Martin"]
[Black "Petran, Peter"]
[Result "1/2-1/2"]
[WhiteElo "2382"]
[BlackElo "2261"]
[Annotator "TA"]
[PlyCount "53"]
[EventDate "2019.10.19"]
[EventType "team-tourn"]
[EventCountry "SVK"]
[SourceTitle "playchess.com"]
[Source "ChessBase"]
[SourceQuality "1"]
[WhiteTeam "Zilina"]
[BlackTeam "Slovan"]

{[%evp 9,53,49,49,46,43,25,25,33,74,76,77,68,93,84,87,72,59,66,68,52,53,60,50,56,55,27,55,32,83,19,32,0,0,-20,-30,-66,64,65,104,-24,-45,-235,62,-245,70,-195]} 1. e4 g6 2. d4 Bg7 3. Nc3 c6 4. f4 d5 5. e5 Nh6 6. Be3 {B15: Caro-Kann: 3 Nc3: 3...g6 and 3...dxe4 4 Nxe4 Nf6 5 Nxf6+ exf6.} f6 7. h3 Nf5 8. Bf2 {White has an edge.} fxe5 9. dxe5 d4 10. Ne4 {[#]} Qa5+ $146 ({Predecessor:} 10... Qd5 11. Bd3 Bh6 12. g4 Bxf4 13. gxf5 Bxf5 14. Qe2 c5 15. Qf3 Qxe5 16. Ne2 Bh6 {1-0 (50) Campo Echevarria,J (2087)-Vila Seuba,J (1979) Barbera del Valles 2006}) 11. Qd2 Qxd2+ 12. Kxd2 Bh6 13. g3 Be6 14. Nf3 Bd5 15. Bd3 c5 {And now ...c4 would win.} 16. b3 Ng7 17. h4 Nd7 18. Ke2 O-O-O (18... O-O $14) 19. Rhd1 (19. Nfg5 $16) 19... Rdf8 20. Rac1 Ne6 21. Nfg5 Bxg5 $1 22. hxg5 b5 ({Black should play} 22... h5 $15 23. gxh6 Rxh6) 23. c4 $36 {[%mdl 2048] White is pushing.} bxc4 24. bxc4 (24. Bxc4 $16 Bxc4+ 25. Rxc4 (25. bxc4 h6 $11)) 24... Bc6 25. Rh1 $2 {[#]} (25. Re1 $15) 25... Rf7 $2 (25... Rxf4 $1 $19 {[%mdl 512]} 26. gxf4 Nxf4+ 27. Kd2 Nxd3 28. Kxd3 Nxe5+ 29. Ke2 Bxe4) 26. Rh2 $2 {[%mdl 8192] [#]} (26. Rh4 $1 $14 {keeps the upper hand.}) 26... Rd8 $2 (26... Rxf4 $1 $19 {[%mdl 512]} 27. gxf4 Nxf4+ 28. Kd2 Nxd3 29. Kxd3 Nxe5+ 30. Ke2 Bxe4) 27. Be1 $2 {[%mdl 8192] Accuracy: White = 39%, Black = 50%.} (27. Rh4 $14 {stays ahead.}) 1/2-1/2